00945 2200193 4500245012600000020001500126250001500141100002600156700002100182650003500203650000800238005001900246260003900265041001400304084001100318300002700329500038600356336000900742 aRahasia Sukses Membangun Kecerdasan Emosi & Spiritual b : ESQ Emotional Spiritual QuotientcAry Ginanjar AgustianhText a9799627109 aEd. Revisi aAry Ginanjar Agustian aIda S. Widayanti aKecerdasan Emosi dan Spiritual aESQ a20250106093758 aJakartabArga Wijaya Persadac2001 aIndonesia a155.25 aiiv, 305 hlm. :cilus. a"Buku ini menawarkan wawasan yang bernilai tentang bagaimana sikap individu dapat mengembangkan kemampuan emosional dan spiritualnya dengan nuansa Islam. Buku bacaan yang bernilai, khususnya bagi setiap pribadi bahkan organisasi yang memiliki perhatian dalam mengembangkan sumber daya manusia sebagai bagian penting organisasi." Stanley Setia Atmadja - Direktur Utama Adira Finance atext